Honest Religion for Secular Man. (Record no. 119)

MARC details
000 -LEADER
fixed length control field 00584nam a2200241 a 4500
020 ## - INTERNATIONAL STANDARD BOOK NUMBER
ISBN
082 00 - DEWEY DECIMAL CLASSIFICATION NUMBER
Classification number 261.72
Author Cutter NEW
100 ## - MAIN ENTRY--AUTHOR NAME
Author name Newbigin, J E Leslie
245 ## - TITLE STATEMENT
Title Honest Religion for Secular Man.
260 ## - PUBLICATION, DISTRIBUTION, ETC. (IMPRINT)
Place of publication London
Name of publisher SCM Press
Year of publication 1966
300 ## - PHYSICAL DESCRIPTION
Number of Pages 159p
500 ## - GENERAL NOTE
General note includes index and biblioraphy
505 2# - FORMATTED CONTENTS NOTE
Formatted contents note Index of Subject
650 ## - SUBJECT ADDED ENTRY--TOPICAL TERM
Topical Term Secularism
942 ## - ADDED ENTRY ELEMENTS (KOHA)
Koha item type Books
700 1# -
-- Newbigin, J E Leslie
Holdings
Home library Current library Date acquired Cost, normal purchase price Full call number Accession Number Koha item type
Henry Martyn Institute Library Henry Martyn Institute Library   3.50 261.72 NEW 03459 E-Books
Henry Martyn Institute Library Henry Martyn Institute Library   3.50 261.72 NEW 03466 E-Books
                   Copyright © 2026 | Henry Martyn Institute | Hyderabad | TS-500052 | INDIA | Implemented by hmi.edu.in
Hit-Count:

Powered by Koha